LEADER 00952nam a2200205 4500 001 000000355271 003 CaOOAMICUS 005 20230904155823.0 008 230904s1924 it 000 u ita r 040 $aSeMil$bita 100 1 $aPala, Augusto.$0(OLS)http://semarc/name/118214 245 12$aI benefici della lettura :$bconferenza tenuta nelle Carceri giudiziarie di Modena il 30 gennaio 1924 /$cprof. Augusto Pala. 264 1$aModena :$bImmacolata Concezione,$c1924. 300 $a13 p. ;$c25 cm 850 $aSeMil 852 $aSeMil$W1$xVenegono$y1$m5B IV 4/14$j243418$B246545$CSeMilBibl$Z2$F246545 $81 961 $aCon dedica autografa dell'autore al Card. Alfredo Ildefonso Schuster 996 $6245$aI benefici della lettura :$bconferenza tenuta nelle Carceri giudiziarie di Modena il 30 gennaio 1924$9(OLS)http://semarc/title/445452 996 $6264$aModena :$bImmacolata Concezione$9(OLS)http://semarc/publisher/46256 LEADER 00820nam a2200229 i 4500 001 000000202376 003 CaOOAMICUS 005 20110523000000.0 008 110523s1945 it u000 u ita u 013 $a181084 040 $aSeMil$bita 245 10$aDestino dei popoli /$cAlfredo Cucco. 250 $a2. ed. 260 $aMilano :$bMondadori,$c1945 (copyr. 1944) 300 $a91 p. ;$c21 cm. 490 0 $aTempo nostro ;$vVol.22. 650 4$aSocietà - Sec. 20.$0(OLS)http://semarc/subject/6215 830 0$aTempo nostro ;$vVol.22.$0(OLS)http://semarc/title/6855 850 $aSeMil 852 $aSeMil$W1$xVenegono$y1$m3U I 108$j152899$B152899$CSeMilBibl$Z2$F163918 $81 996 $6245$aDestino dei popoli$9(OLS)http://semarc/title/292975 996 $6260$aMilano :$bMondadori$9(OLS)http://semarc/publisher/30335